El Còmput de superfícies en edificis d'H.P.O
Publicado:
Barcelona :
Diputació de Barcelona : Institut d'Urbanisme, Habitatge i Activitats Locals, [2007?]
Descripción Física:
14, [3], f. : taules ; 29 cm
MARC
| LEADER | 00000nam a2200000Ia 4500 | ||
|---|---|---|---|
| 001 | 21126 | ||
| 003 | BGR | ||
| 005 | 20260324175959.0 | ||
| 008 | 160829s9999 xx 000 0 cat d | ||
| 080 | |a FU-27-14 | ||
| 245 | |a El Còmput de superfícies en edificis d'H.P.O | ||
| 260 | |a Barcelona : |b Diputació de Barcelona : |b Institut d'Urbanisme, Habitatge i Activitats Locals, [2007?] | ||
| 300 | |a 14, [3], f. : |b taules ; |c 29 cm | ||
| 650 | |a Habitatge públic |9 43113 | ||
| 650 | |a Mesurament de superfícies |9 43114 | ||
| 710 | 1 | |a Barcelona (Catalunya : Província). |b Diputació |9 52408 | |
| 710 | 1 | |a Institut d'Urbanisme, Habitatge i Activitats Locals (Barcelona) |9 71110 | |
| 901 | |a Arxiu | ||
| 942 | |n 1 |2 udc |c MON | ||
| 952 | |0 0 |1 0 |4 0 |6 FU2714 |7 1 |9 51209 |a Arxiu |b Arxiu |d 2016-12-01 |l 0 |o FU-27-14 |p 21126 |r 2016-12-01 00:00:00 |w 2016-12-01 |y ARXIU | ||
| 999 | |c 55052 |d 55052 | ||